El análisis post-optimal en programación lineal aplicada a la agricultura = Post-optimal analysis in lineal programming applied to agriculture /
En este artículo, se hace un análisis de los precios duales, los coeficientes de la función objetivo, el costo reducido de cada variable, los rangos de sensibilidad y la holgura de los valores del lado derecho de las restricciones después de procesar, mediante un programa computacional, un modelo de...
Сохранить в:
| Главный автор: | |
|---|---|
| Формат: | Текст |
| Предметы: | |
| Метки: |
Добавить метку
Нет меток, Требуется 1-ая метка записи!
|
MARC
| LEADER | 00000 a a2200000 04500 | ||
|---|---|---|---|
| 001 | 43317 | ||
| 003 | |||
| 040 | |||
| 100 | |a Alvarado Boirivant, Jorge | ||
| 245 | |a El análisis post-optimal en programación lineal aplicada a la agricultura = |b Post-optimal analysis in lineal programming applied to agriculture / |c Jorge Alvarado Boirivant | ||
| 500 | |a aboiriva@gmail.com | ||
| 520 | |a En este artículo, se hace un análisis de los precios duales, los coeficientes de la función objetivo, el costo reducido de cada variable, los rangos de sensibilidad y la holgura de los valores del lado derecho de las restricciones después de procesar, mediante un programa computacional, un modelo de programación lineal de maximización de ganancias aplicado a una empresa agrícola. | ||
| 590 | |a SJB/OCTUBRE2012 | ||
| 650 | |a 1.PROGRAMACION LINEAL | ||
| 650 | |a 2.AGRICULTURA | ||
| 650 | |a 3.PROGRAMAS DE COMPUTADORA | ||
| 773 | |g volumen90, número1 ( , 2011), páginas 161-173 : tablas | ||
| 999 | |c 33056 |d 33056 | ||
